Development Challenges and Response / (Record no. 205405)

MARC details
000 -LEADER
fixed length control field 00807nam a22002417a 4500
005 - DATE AND TIME OF LATEST TRANSACTION
control field 20240829123040.0
010 ## - LCCN (DPL NO)
LC control number ENG-141530
020 ## - INTERNATIONAL STANDARD BOOK NUMBER
International Standard Book Number 9788192084404 (vol.1)
Terms of availability 900.00
035 ## - SYSTEM CONTROL NUMBER
System control number EN-125062
037 ## - SOURCE OF ACQUISITION
Source of stock number/acquisition DBAD
082 ## - DEWEY DECIMAL CLASSIFICATION NUMBER
Edition number 1
Classification number 306.6320954
100 ## - MAIN ENTRY--PERSONAL NAME
Personal name Datta, Amlan
245 ## - TITLE STATEMENT
Title Development Challenges and Response /
Statement of responsibility, etc by Amlan Datta; edited by B.B Dutta , Swapan Mazumdar and Sandip Das
250 ## - EDITION STATEMENT
Edition statement 1
260 ## - PUBLICATION, DISTRIBUTION, ETC. (IMPRINT)
Place of publication, distribution, etc Gurgaon
Name of publisher, distributor, etc Divya Jeevan Foundation
Date of publication, distribution, etc 2011
270 ## - ADDRESS
Address PD -75 Malibu Towne
City Gurgaon
Postal code 122001
Telephone number 1242219064
Electronic mail address info@divyajeevan.org
300 ## - PHYSICAL DESCRIPTION
Extent 402p.:
Dimensions 23cm(hb)
500 ## - GENERAL NOTE
General note Volume 1: Perspectives
700 ## - ADDED ENTRY--PERSONAL NAME
Personal name Dutta,B.B
9 (RLIN) 70703
700 ## - ADDED ENTRY--PERSONAL NAME
Personal name Mazumdar ,Swapan
9 (RLIN) 70753
700 ## - ADDED ENTRY--PERSONAL NAME
Personal name Das, Sandip
9 (RLIN) 70754
942 ## - ADDED ENTRY ELEMENTS (KOHA)
Source of classification or shelving scheme Dewey Decimal Classification
Classification part 306.6320954
Call number suffix DAT
Item type English Books
Holdings
Withdrawn status Lost status Materials specified (bound volume or other part) Not for loan Collection code Home library Current library Date acquired Source of acquisition Cost, normal purchase price Full call number Barcode Copy number Cost, replacement price Koha item type
    Vol.1 Not For Loan Non-fiction D.B.Act.Division D.B.Act.Division 29/08/2024 DBAD 900.00 306.6320954 DAT EN-125062 1 900.00 English Books

© Delhi Public Library
Hit Counter
free hit counter